Early Japan, (Record no. 1098)

MARC details
000 -LEADER
fixed length control field 00687cam a2200229 4500
005 - DATE AND TIME OF LATEST TRANSACTION
control field 20260322212047.0
008 - FIXED-LENGTH DATA ELEMENTS--GENERAL INFORMATION
fixed length control field data
010 ## - LIBRARY OF CONGRESS CONTROL NUMBER
LC control number 68027297
040 ## - CATALOGING SOURCE
Original cataloging agency DLC
Transcribing agency DLC
Modifying agency DLC
050 00 - LIBRARY OF CONGRESS CALL NUMBER
Classification number DS822.2
Item number .L4
082 00 - DEWEY DECIMAL CLASSIFICATION NUMBER
Classification number 915.2/03
092 ## - LOCALLY ASSIGNED DEWEY CALL NUMBER (OCLC)
Classification number 915.2 L4 1968
001 - CONTROL NUMBER
control field data
245 00 - TITLE STATEMENT
Title Early Japan,
Statement of responsibility, etc. edited by Jonathan Norton Leonard & Time-Life Books.
260 ## - PUBLICATION, DISTRIBUTION, ETC.
Place of publication, distribution, etc. New York,
Name of publisher, distributor, etc. Time-Life Books
Date of publication, distribution, etc. [1968]
300 ## - PHYSICAL DESCRIPTION
Extent 191 p.
Other physical details illus. (part col.), col. maps.
Dimensions 28 cm.
490 0# - SERIES STATEMENT
Series statement Great ages of man; a history of the world's cultures
504 ## - BIBLIOGRAPHY, ETC. NOTE
Bibliography, etc. note Bibliography: p. 186.
651 #0 - SUBJECT ADDED ENTRY--GEOGRAPHIC NAME
Geographic name Japan
General subdivision Civilization.
700 1# - ADDED ENTRY--PERSONAL NAME
Personal name Leonard, Jonathan Norton,
Dates associated with a name 1903-1975.
710 2# - ADDED ENTRY--CORPORATE NAME
Corporate name or jurisdiction name as entry element Time-Life Books.
Holdings
Withdrawn status Lost status Damaged status Not for loan Home library Current library Shelving location Date acquired Total checkouts Full call number Barcode Date last seen Price effective from Koha item type
        Franklin Franklin General stacks 22/03/2026   915.2/03 BC0011132 22/03/2026 22/03/2026 Books